Transition to guardianship : (Record no. 42250)

MARC details
000 -LEADER
fixed length control field 00840nam a22002177a 4500
005 - DATE AND TIME OF LATEST TRANSACTION
control field 20100817110727.0
010 ## - LCCN (DPL NO)
LC control number ENG-100649
020 ## - INTERNATIONAL STANDARD BOOK NUMBER
International Standard Book Number 9781935501268
Terms of availability 2500.00
020 ## - INTERNATIONAL STANDARD BOOK NUMBER
International Standard Book Number 1935501267
Terms of availability 2500.00
035 ## - SYSTEM CONTROL NUMBER
System control number EN-84182
037 ## - SOURCE OF ACQUISITION
Source of stock number/acquisition DBAD/PUB
082 ## - DEWEY DECIMAL CLASSIFICATION NUMBER
Classification number 359.00954
100 ## - MAIN ENTRY--PERSONAL NAME
Personal name Hiranandani, GM
245 ## - TITLE STATEMENT
Title Transition to guardianship :
Remainder of title the Indian navy 1991-2000 /
Statement of responsibility, etc by GM Hiranandani
260 ## - PUBLICATION, DISTRIBUTION, ETC. (IMPRINT)
Place of publication, distribution, etc New Delhi
Name of publisher, distributor, etc Lancer Publishers & Distributors
Date of publication, distribution, etc 2009
270 ## - ADDRESS
Address 2/42 (B) Sarvapriya Vihar
City New Delhi
Postal code 110016
300 ## - PHYSICAL DESCRIPTION
Extent xlii,331p.
Dimensions 29cm (Hb)
Accompanying material photos
500 ## - GENERAL NOTE
General note Includes bibliographical references and index
942 ## - ADDED ENTRY ELEMENTS (KOHA)
Source of classification or shelving scheme Dewey Decimal Classification
Item type English Books
Classification part 359.00954
Call number suffix HIR
Holdings
Withdrawn status Lost status Not for loan Collection code Home library Current library Date acquired Source of acquisition Cost, normal purchase price Full call number Barcode Copy number Cost, replacement price Koha item type
    Not For Loan Non-fiction D.B.Act.Division D.B.Act.Division 17/08/2010 DBAD/PUB 2500.00 359.00954 HIR EN-84182 1 2500.00 English Books

© Delhi Public Library
Hit Counter
free hit counter